Bioelectronic Medicine (Запис № 460010)

МАРК-запис
000 -LEADER
fixed length control field 02916nas a22002775i 4500
001 - CONTROL NUMBER
control field 2332-8886
003 - CONTROL NUMBER IDENTIFIER
control field DE-He213
005 - DATE AND TIME OF LATEST TRANSACTION
control field 20260304140646.0
007 - PHYSICAL DESCRIPTION FIXED FIELD--GENERAL INFORMATION
fixed length control field cr nn 008mamaa
008 - FIXED-LENGTH DATA ELEMENTS--GENERAL INFORMATION
fixed length control field 170814s||||||||xxkuu poo|||||| b|EN |d
022 ## - INTERNATIONAL STANDARD SERIAL NUMBER
International Standard Serial Number 2332-8886
024 7# - OTHER STANDARD IDENTIFIER
Standard number or code 42234
Source of number or code local
210 10 - ABBREVIATED TITLE
Abbreviated title Bioelectron Med
245 10 - TITLE STATEMENT
Title Bioelectronic Medicine
Medium [electronic resource] /
Statement of responsibility, etc edited by Valentin A Pavlov, Sonya VanPatten, Kevin J. Tracey.
264 #1 -
-- London :
-- BioMed Central :
-- Imprint: BioMed Central.
300 ## - PHYSICAL DESCRIPTION
Other physical details online resource.
520 ## - SUMMARY, ETC.
Summary, etc Bioelectronic Medicine is an open-access journal that provides a necessary and specific publication platform for the growing field of bioelectronic medicine. This field brings together material science, biochemistry, biophysics, molecular medicine, neuroscience, immunology, bioengineering, electrical engineering, mechanical engineering, computer science, mathematics, artificial intelligence, and other basic and clinical disciplines. Bioelectronic Medicine promises to bring new insights into the diagnosis and treatment of diseases and conditions as varied as cancer, rheumatoid arthritis, inflammatory bowel disease, obesity, diabetes, asthma, paralysis, blindness, bleeding, ischemia, organ transplantation, cardiovascular disease, neurodegenerative diseases, and others. Bioelectronic Medicine focuses on electrical signaling in the nervous system. Insights into the regulatory functions of the nervous system and technologies that record, stimulate, or block neural signaling to affect specific molecular mechanisms are the primary focus of the journal. The journal will also feature bioelectronic approaches for monitoring and controlling biological processes, for providing insights into host and pathogen physiology and disease pathogenesis, and for restoring musculoskeletal function and mobility and treating paralysis, and many other conditions. In addition, developments in prostheses, robotics, and other relevant areas will be featured. Innovative preclinical research and development as well as clinical trials assessing new diagnostic and treatment advances will be well represented. Bioelectronic Medicine also welcomes related topics including ethics, community impact, regulatory and legal implications, reimbursement, and patient feedback in order to embrace multidisciplinary input across fields of science, technology, and healthcare.
650 #0 - SUBJECT ADDED ENTRY--TOPICAL TERM
Topical term or geographic name as entry element Biotechnology.
650 14 - SUBJECT ADDED ENTRY--TOPICAL TERM
Topical term or geographic name as entry element Biotechnology.
700 1# - ADDED ENTRY--PERSONAL NAME
Personal name Pavlov, Valentin A.
Relator term editor.
Relator code edt
-- http://id.loc.gov/vocabulary/relators/edt
9 (RLIN) 23996
700 1# - ADDED ENTRY--PERSONAL NAME
Personal name VanPatten, Sonya.
Relator term editor.
Relator code edt
-- http://id.loc.gov/vocabulary/relators/edt
9 (RLIN) 23999
700 1# - ADDED ENTRY--PERSONAL NAME
Personal name Tracey, Kevin J.
Relator term editor.
Relator code edt
-- http://id.loc.gov/vocabulary/relators/edt
9 (RLIN) 24129
710 2# - ADDED ENTRY--CORPORATE NAME
Corporate name or jurisdiction name as entry element SpringerLink (Online service)
856 40 - ELECTRONIC LOCATION AND ACCESS
Uniform Resource Identifier <a href="https://bioelecmed.biomedcentral.com">https://bioelecmed.biomedcentral.com</a>
Public note Open Access

Немає доступних примірників.